000
00213nam a2200109Ia 4500
100
_a
#N/A
942
_c
BK
245
_a
Mindware ; Web Apps; 25 Video Lectures
260
_b
#N/A
546
_a
ENGLISH
999
_c
21537
_d
21537